000 00327nam a22001457a 4500
008 230208b ||||| |||| 00| 0 eng d
020 _a9781617312502
041 _aeng
080 _2FOURTH EDITION
_a579
082 _a579LEB
100 _a14
101 _aMIKROBIO
245 _aMICROBIOLOGY
_cLEBOFFE J.M
942 _2udc
_cBK
999 _c59347
_d59347